Central Library OPAC University of Rajshahi

Quantum Mechanics in Matrix Form / (Record no. 86406)

MARC details
000 -LEADER
fixed length control field 01430nam a2200361 a 4500
001 - CONTROL NUMBER
control field 86406
003 - CONTROL NUMBER IDENTIFIER
rucl marc code BD-RjUL
005 - DATE AND TIME OF LATEST TRANSACTION
control field 20260430145255.0
008 - FIXED-LENGTH DATA ELEMENTS--GENERAL INFORMATION
fixed length control field 260430s2018 gw |||| o |||| 0|eng
020 ## - INTERNATIONAL STANDARD BOOK NUMBER
International Standard Book Number 9783319263663
035 ## - SYSTEM CONTROL NUMBER
System control number (BD-RjUL)86406
040 ## - CATALOGING SOURCE
Original cataloging agency DLC
Language of cataloging eng
Description conventions pn
-- rda
Transcribing agency DLC
Modifying agency BD-RjUL
041 ## - LANGUAGE CODE
Language code of text/sound track or separate title eng
082 04 - DEWEY DECIMAL CLASSIFICATION NUMBER
Edition number 23
Classification number 530.12
Author mark and year LUQ 2018
100 1# - MAIN ENTRY--PERSONAL NAME
Personal name Ludyk, Günter,
Relator term author.
9 (RLIN) 18266
245 10 - TITLE STATEMENT
Title Quantum Mechanics in Matrix Form /
Statement of responsibility, etc. by Günter Ludyk.
250 ## - EDITION STATEMENT
Edition statement 1st ed. 2018.
264 #1 - PRODUCTION, PUBLICATION, DISTRIBUTION, MANUFACTURE, AND COPYRIGHT NOTICE
Place of production, publication, distribution, manufacture Cham :
Name of producer, publisher, distributor, manufacturer Springer International Publishing :
-- Imprint: Springer,
Date of production, publication, distribution, manufacture, or copyright notice 2018.
300 ## - PHYSICAL DESCRIPTION
Pagination XIII, 214 pages :
Illustrations illustrations ;
Size 24 cm.
336 ## - CONTENT TYPE
Content type term text
Content type code txt
Source rdacontent
337 ## - MEDIA TYPE
Media type term computer
Media type code c
Source rdamedia
338 ## - CARRIER TYPE
Carrier type term online resource
Carrier type code cr
Source rdacarrier
347 ## - DIGITAL FILE CHARACTERISTICS
File type text file
Encoding format PDF
Source rda
588 ## - SOURCE OF DESCRIPTION NOTE
Source of description note Description based on publisher-supplied MARC data.
650 #0 - SUBJECT ADDED ENTRY--TOPICAL TERM
Topical term or geographic name as entry element Atomic structure.
9 (RLIN) 18267
Topical term or geographic name as entry element Molecular structure.
9 (RLIN) 18268
Topical term or geographic name as entry element Physics.
9 (RLIN) 18231
Topical term or geographic name as entry element Quantum physics.
9 (RLIN) 18269
Topical term or geographic name as entry element Quantum Physics.
Authority record control number https://scigraph.springernature.com/ontologies/product-market-codes/P19080
9 (RLIN) 18270
Topical term or geographic name as entry element Atomic/Molecular Structure and Spectra.
Authority record control number https://scigraph.springernature.com/ontologies/product-market-codes/P24017
9 (RLIN) 18271
Topical term or geographic name as entry element Mathematical Methods in Physics.
Authority record control number https://scigraph.springernature.com/ontologies/product-market-codes/P19013
9 (RLIN) 18272
942 ## - ADDED ENTRY ELEMENTS (KOHA)
Source of classification or shelving scheme Dewey Decimal Classification
Koha item type Books
Holdings
Lost status Source of classification or shelving scheme Damaged status Not for loan Collection code Permanent Location Current Location Shelving location Date acquired Source of acquisition Cost, normal purchase price Total Checkouts Full call number Date last seen Copy number Koha item type
  Dewey Decimal Classification   Not For Loan Non-fiction Central Library, University of Rajshahi Central Library, University of Rajshahi Reading Room 21/04/2026 Ahsania Mission Book Dis. 10600.00   530.12 LUQ 2018 30/04/2026 C-1 Books